Cuidado, manejo y conservación de las colecciones biológicas (Registro nro. 7552)
[ vista simple ]
| 000 -CABECERA | |
|---|---|
| Campo de control | 00882nam a22002297a 4500 |
| 005 - FECHA Y HORA DE LA ULTIMA TRANSACCION | |
| Campo de control | 20170919020003.0 |
| 008 - ELEMENTOS DE LONGITUD FIJA—INFORMACION GENERAL | |
| Campo de control | 040304s2005 ck a fr 000-0 spa d |
| 020 ## - ISBN | |
| ISBN | 9583369691 |
| 040 ## - FUENTE DE CATALOGACIÓN | |
| Agencia catalogadora original | CO-BoIAVH |
| Agencia transcriptora | CO-BoIAVH |
| 041 ## - IDIOMA | |
| Código de idioma para texto/pista de sonido o título separado | Español |
| 044 ## - PAÍS DE PUBLICACIÓN | |
| País de publicación | Colombia |
| 082 04 - NUMERO DE CLASIFICACION DECIMAL DEWEY | |
| Número de clasificación | 578.0752 |
| Número del ítem | C755c |
| 245 00 - MENCION DE TITULO | |
| Título | Cuidado, manejo y conservación de las colecciones biológicas |
| Mención de responsabilidad | editado por John E. Simmons y Yaneth Muñoz-Saba |
| 260 ## - PUBLICACION, DISTRIBUCION, ETC. (PIE DE IMPRENTA) | |
| Lugar de publicación, distribución, etc. | Bogotá |
| Nombre del editor, distribuidor, etc. | Universidad Nacional de Colombia |
| Fecha de publicación, distribución, etc. | 2005 |
| 300 ## - DESCRIPCION FISICA | |
| Extensión | 287 p. |
| Otros detalles físicos | il., fotos |
| Dimensiones | 19 cm. |
| 490 ## - MENCION DE SERIE | |
| Mención de serie | Manuales de Campo |
| 650 17 - ASIENTO SECUNDARIO DE MATERIA - TERMINO TEMATICO | |
| Término temático o nombre geográfico como elemento de entrada | Museos de ciencias |
| Subdivisión general | Colecciones |
| -- | Mantenimiento y conservación |
| Subdivisión de forma | Manuales |
| 650 17 - ASIENTO SECUNDARIO DE MATERIA - TERMINO TEMATICO | |
| Término temático o nombre geográfico como elemento de entrada | Museos de historia natural |
| Subdivisión general | Colecciones |
| -- | Mantenimiento y conservación |
| Subdivisión de forma | Manuales |
| 700 1# - ASIENTO SECUNDARIO - NOMBRE PERSONAL | |
| Nombre personal | Simmons, John E. |
| Término de relación | ed. |
| 700 1# - ASIENTO SECUNDARIO - NOMBRE PERSONAL | |
| Nombre personal | Muñoz-Saba, Yaneth del Socorro |
| Fechas asociadas con el nombre | 1969- |
| Término de relación | ed. |
| 942 ## - ELEMENTOS ADICIONALES (KOHA) | |
| Sistema de clasificación | Dewey Decimal Classification |
| Tipo de ítem | Libro |
| Koha issues (borrowed), all copies | 6 |
| Withdrawn status | Lost status | Sistema de Clasificación | Damaged status | No para préstamo | Colección | Inventariado | Ubicación Permanente | Ubicación actual | Fecha de adquisición | Fuente de Valor | Valor | Total Checkouts | Total Renewals | Número topográfico | Inventario / Código de Barras | Date last seen | Date checked out | Ejemplar | Price effective from | Forma de adquisición | Tipo de material |
|---|---|---|---|---|---|---|---|---|---|---|---|---|---|---|---|---|---|---|---|---|---|
| Dewey Decimal Classification | General | Inventariado 2017 | Bogotá | Bogotá | 13/08/2013 | Instituto | 25000.00 | 4 | 3 | LB-578.0752 C755c | 058337 | 17/10/2017 | 18/09/2017 | Ej.1 | 13/08/2013 | Libro | |||||
| Dewey Decimal Classification | General | Inventariado 2017 | Bogotá | Bogotá | 23/04/2014 | Instituto | 25000.00 | 2 | 2 | LB-578.0752 C755c | 017728 | 31/03/2017 | 31/01/2017 | Ej. 2 | 23/04/2014 | Libro | |||||
| Dewey Decimal Classification | General | Inventariado 2017 | Bogotá | Bogotá | 17/07/2015 | Instituto | 25000.00 | LB-578.0752 C755c | 042075 | 17/07/2015 | Ej. 3 | 17/07/2015 | Libro |